| 000 | 00715 a2200253 4500 | ||
|---|---|---|---|
| 001 | 110543 | ||
| 020 | _a1588391566 (MMA) | ||
| 020 | _a9780764178696 (hc.) | ||
| 041 | _apor | ||
| 090 | _aLibrary 701 | ||
| 092 | _a2006530043 | ||
| 250 | _a1st ed. | ||
| 300 | _a[52] p. | ||
| 697 | _aOptical illusions in art. | ||
| 697 | _aVisual perception. | ||
| 697 | _aMetropolitan Museum of Art (New York, N.Y.) | ||
| 697 | _aStereograms. | ||
| 710 | _athe Metropolitan Museum of Art. | ||
| 856 | _u00001a/00001a1f.jpg | ||
| 040 |
_aBR-BrIDEA _cBR-BrIDEA |
||
| 245 | 1 | 0 |
_aEye magic _bvisual trickery in art _cthe Metropolitan Museum of Art |
| 260 |
_a[S.l.] _bMetropolitan Museum of Art ; _c2005 |
||
| 942 | _cBK | ||
| 999 |
_c110543 _d110543 |
||